[Event "POL-chT"]
[Site "Mikolajki"]
[Date "1991.??.??"]
[Round "2"]
[White "Jaracz, Pawel"]
[Black "Nowak, Ignacy"]
[Result "1/2-1/2"]
[WhiteElo "2300"]
[BlackElo "2400"]

1.e4 c5 2.Nf3 e6 3.d4 cxd4 4.Nxd4 Nc6 5.Nb5 d6 6.c4 Nf6 7.N1c3 a6 8.Na3 b6
9.Be2 Bb7 10.O-O Nb8 11.f3 Nbd7 12.Kh1 Be7 13.Bf4 Qc7 14.Rc1 O-O 15.Qd2 Nh5
16.Be3 Nhf6 17.Rfd1 Rac8 18.Qe1 Qb8 19.Qf2 Bd8 20.Nab1 Bc7 21.Nd2 Rcd8 22.b4 Qa8
23.Nb3 Rfe8 24.Rc2 Qb8 25.g3  1/2-1/2

[Event "POL-chT"]
[Site "Mikolajki"]
[Date "1991.??.??"]
[Round "6"]
[White "Ocytko, Andrzej"]
[Black "Maslanka, Robert"]
[Result "1/2-1/2"]
[WhiteElo "2305"]
[BlackElo "2300"]

1.e4 c5 2.Nf3 e6 3.d4 cxd4 4.Nxd4 Nc6 5.Nb5 d6 6.c4 Nf6 7.N1c3 a6 8.Na3 Be7
9.Be2 O-O 10.Be3 b6 11.O-O Bd7 12.Rc1 Qb8 13.Qd2 Ra7 14.f4 Rc8 15.g4 Rac7
16.g5 Ne8 17.Qe1 g6 18.h4 Ng7 19.h5 Rf8 20.Qh4 f5 21.h6 Ne8 22.exf5 Rxf5
23.Bg4 Rf7 24.Qh3 Qc8 25.Qg2 Rb7 26.Bf3 Rb8 27.Na4 Bd8 28.Qf2  1/2-1/2

[Event "FRA-ch Acc"]
[Site "Montpellier"]
[Date "1991.??.??"]
[Round "7"]
[White "Pellaton, Bernard"]
[Black "Tugaye, Francis"]
[Result "0-1"]
[WhiteElo "2110"]
[BlackElo "2120"]

1.e4 c5 2.Nf3 e6 3.d4 cxd4 4.Nxd4 Nc6 5.Nb5 d6 6.c4 Nf6 7.N1c3 a6 8.Na3 Be7
9.Be2 b6 10.Be3 Ne5 11.O-O Bb7 12.f4 Ned7 13.Bf3 O-O 14.Qe2 Qc7 15.Rad1 Rfe8
16.g4 d5 17.e5 Ne4 18.Nxe4 dxe4 19.Bg2 Nc5 20.Nc2 b5 21.Bd4 bxc4 22.f5 Nd3
23.Bxe4 Bxe4 24.Qxe4 Bc5 25.fxe6 fxe6 26.Bxc5 Qxc5+ 27.Qe3 Qxe3+ 28.Nxe3 Nxe5
29.Rd4 Rab8 30.Nxc4 Nxc4 31.Rxc4 Rxb2 32.Ra4 Rb6 33.Rf2 e5 34.Kg2 Ree6 35.Rc2 Kf7
36.Kg3 Rbd6 37.Rf2+ Ke7 38.Rb4 Rf6 39.Rb7+ Rd7 40.Rxf6 gxf6 41.Rb3 Ke6 42.Kf3 h6
43.Ke3 Kd5 44.Rd3+ Kc6 45.Rc3+ Kb5 46.Rb3+ Kc6 47.Rc3+ Kd5 48.Rd3+ Ke6 49.Rb3 Rd6
50.h3 Kd5 51.Rd3+ Kc5 52.Rc3+ Kb5 53.Rb3+ Kc4 54.Ra3 Kd5 55.Rd3+ Ke6 56.Rb3 f5
57.gxf5+ Kxf5 58.Ra3 Rg6 59.Ra5 Rg3+ 60.Kf2 Rxh3 61.Rxa6 h5 62.a4 h4 63.Rh6 Kg5
64.Re6 Kf4 65.Rf6+ Ke4 66.Rh6 Rf3+ 67.Ke2 Rf4 68.a5 Kf5 69.Rh5+ Kg4 70.Rh6 h3
71.a6 Ra4 72.Kf1 Kg3 73.Rg6+ Kf3 74.Kg1 e4 75.Rf6+ Ke2 76.Kh2 e3 77.Kxh3 Ke1
78.Kg3 e2 79.Rd6 Ra2 80.Kg2 Ra5 81.Rg6 Ra2 82.Rd6 Ra4 83.Rg6 Ra5 84.Kh2 Ra2
85.Kg2 Ra5 86.Kh2 Rh5+ 87.Kg2 Rh7 88.Rb6 Rg7+ 89.Kh2 Re7 90.Rb7 Re8 91.a7 Kf2  0-1

[Event "Moscow2"]
[Site "Moscow"]
[Date "1991.??.??"]
[Round "?"]
[White "Cybulak, Adam"]
[Black "Suetin, Alexey S"]
[Result "0-1"]
[WhiteElo "2265"]
[BlackElo "2375"]

1.e4 c5 2.Nf3 e6 3.d4 cxd4 4.Nxd4 Nc6 5.Nb5 d6 6.Bf4 e5 7.Be3 Nf6 8.N5c3 Be6
9.Be2 Be7 10.O-O O-O 11.Bf3 Na5 12.b3 Qc7 13.Nb5 Qb8 14.c4 a6 15.N5c3 b5
16.Nd5 Bxd5 17.cxd5 Rc8 18.Na3 Nb7 19.Rc1 Nc5 20.Bxc5 dxc5 21.Nc2 g6 22.g3 Qb6
23.Ne3 h5 24.Bg2 Kg7 25.h4 Ne8 26.Kh2 Bf6 27.Bh3 Rc7 28.g4 hxg4 29.Qxg4 Nd6
30.h5 Rh8 31.Rg1 g5 32.f4 Nxe4 33.fxe5 Bxe5+ 34.Kg2 Bf4 35.Nf5+ Kf8 36.Rce1 Nd6
37.Nh4 c4 38.Ng6+ fxg6 39.Qe6 Qd4 40.Rgf1 Nf7 41.hxg6 cxb3 42.Re2 Qd3  0-1

[Event "Moscow5-B"]
[Site "Moscow"]
[Date "1991.??.??"]
[Round "?"]
[White "Nikolenko, Oleg"]
[Black "Kalegin, Evgenij"]
[Result "1/2-1/2"]
[WhiteElo "2450"]
[BlackElo "2390"]

1.e4 c5 2.Nf3 e6 3.d4 cxd4 4.Nxd4 Nc6 5.Nb5 d6 6.c4 Nf6 7.N1c3 a6 8.Na3 b6
9.Be2 Bb7 10.O-O Nb8 11.f3 Be7 12.Kh1 Qc7 13.Bf4 O-O 14.Rc1 Nbd7 15.Qd2 Ne5
16.Rfd1 Rac8 17.Be3 Ned7 18.Qe1 Qb8 19.Qf2 Bd8 20.Nab1 Bc7 21.Nd2 Qa8 22.Nb3 Rfe8
23.Bd4 Qb8 24.Qh4 Ne5 25.Qf2 Ned7 26.Qh4 Ne5 27.Qf2  1/2-1/2

[Event "Oostende op"]
[Site "Oostende"]
[Date "1991.??.??"]
[Round "6"]
[White "Psakhis, Lev"]
[Black "Den Boer, Ber"]
[Result "1-0"]
[WhiteElo "2575"]
[BlackElo "2350"]

1.e4 c5 2.Nf3 e6 3.d4 cxd4 4.Nxd4 Nc6 5.Nb5 a6 6.Nd6+ Bxd6 7.Qxd6 Qe7 8.Qxe7+ Ngxe7
9.Nc3 d5 10.a3 O-O 11.Bg5 d4 12.Na4 e5 13.Nb6 Rb8 14.Bc4 h6 15.Bd2 Bg4 16.h3 Nc8
17.hxg4 Nxb6 18.Ba2 Rbc8 19.O-O-O Ne7 20.g5 hxg5 21.Bxg5 Ng6 22.Rh3 Nc4 23.Kb1 b5
24.c3 dxc3 25.Rxc3 Rc6 26.Bxc4 bxc4 27.Rdc1 Rfc8 28.b3 Rb8 29.Kb2 Rcb6 30.b4 a5
31.Rxc4 axb4 32.Rc8+ Rxc8 33.Rxc8+ Kh7 34.a4 Nf4 35.Bxf4 exf4 36.Kb3 Rd6
37.a5 Rd3+ 38.Kxb4 Rd2 39.Kb3 Rxf2 40.a6 f3 41.gxf3 Rxf3+ 42.Kb4 Re3 43.a7 Rxe4+
44.Kc5 Ra4 45.a8=Q Rxa8 46.Rxa8 Kg6 47.Kd4  1-0

[Event "Paris-ch"]
[Site "Paris"]
[Date "1991.??.??"]
[Round "3"]
[White "Caminade, Christian"]
[Black "Lecuyer, Christian"]
[Result "1/2-1/2"]
[WhiteElo "2180"]
[BlackElo "2310"]

1.e4 c5 2.Nf3 e6 3.d4 cxd4 4.Nxd4 Nc6 5.Nb5 d6 6.c4 Nf6 7.N1c3 a6 8.Na3 Be7
9.Be2 O-O 10.O-O b6 11.Nc2 Bb7 12.f3 Qc7 13.Bf4 Ne5 14.Rc1 Rad8 15.Qe1 Ng6
16.Be3 Nd7 17.b4 Bf6 18.Na4 Bc6 19.b5 Bb7 20.bxa6 Bxa6 21.Nb4 Bb7 22.Nc3 Nc5
23.Nb5 Qe7 24.Qd2 Be5 25.g3  1/2-1/2

[Event "Podgorica"]
[Site "Podgorica"]
[Date "1991.??.??"]
[Round "6"]
[White "Dabetic, Radojica"]
[Black "Andonov, Bogomil"]
[Result "0-1"]
[WhiteElo "2335"]
[BlackElo "2365"]

1.e4 e6 2.d4 c5 3.Nf3 cxd4 4.Nxd4 Nc6 5.Nb5 d6 6.c4 Nf6 7.N1c3 a6 8.Na3 b6
9.Be2 Bb7 10.Be3 Qc7 11.O-O Nb8 12.f3 Nbd7 13.Qd2 Be7 14.Rfd1 O-O 15.Rac1 Rac8
16.Bf1 Qb8 17.Qf2 Bd8 18.Kh1 Bc7 19.Qh4 Rfe8 20.Nc2 h6 21.Bg1 Kh7 22.Ne3 g5
23.Qf2 Rg8 24.Ng4 Nxg4 25.fxg4 Ne5 26.Re1 Bc6 27.a4 Kg7 28.Qg3 f6 29.Rcd1 Rh8
30.Bd4 h5 31.Bxe5 dxe5 32.b4 h4 33.Qf3 Bd6 34.c5 bxc5 35.b5 axb5 36.axb5 Be8
37.Bc4 Bf7 38.Rf1 Rh6 39.h3 Rd8 40.Na4 Qa7 41.Qb3 Qe7 42.b6 Rhh8 43.Nc3 Bb8
44.Ra1 Rd4 45.b7 Rhd8 46.Ra6 R4d6 47.Ra8 Be8 48.Rb1 Bc6 49.Ra6 Kf7 50.Nb5 Bxb5
51.Qxb5 Rxa6 52.Qxa6 Rd6 53.Qb5 Rd4 54.Qa4 Qd6 55.Kh2 Ke7 56.Re1 f5 57.gxf5 exf5
58.Bd5 Rxa4  0-1

[Event "POL-ch (Women)"]
[Site "POL"]
[Date "1991.??.??"]
[Round "3"]
[White "Bos Swiecik, Iwona"]
[Black "Sikora Gizynska, Bozena"]
[Result "1/2-1/2"]
[WhiteElo "2245"]
[BlackElo "2205"]

1.e4 c5 2.Nf3 e6 3.d4 cxd4 4.Nxd4 Nc6 5.Nb5 d6 6.c4 Nf6 7.N5c3 Be7 8.Be2 O-O
9.a3 b6 10.f4 Bb7 11.Bf3 Na5 12.b3 Rc8 13.Ra2 Qc7 14.O-O Rfd8 15.Rd2 a6 16.g4 b5
17.g5 Ne8 18.cxb5 axb5 19.Rg2 d5 20.exd5 b4 21.axb4 Bxb4 22.Bd2 exd5 23.f5 g6
24.fxg6 hxg6 25.Rg4 Bd6 26.Be3 Bxh2+ 27.Kg2 d4 28.Bxd4 Be5 29.Bxe5 Qxe5 30.Qe2 Qxe2+
31.Nxe2 Bxf3+ 32.Rxf3 Rc2 33.Kf2 Ng7 34.Rh3 Re8 35.Nc3 Nh5 36.b4 Nb3 37.Re3 Rd8
38.b5 Nc5 39.Kf3 Rb2 40.Rd4 Rxd4 41.Nxd4 Nb3 42.Nxb3 Rxb3 43.Ke4 f6 44.gxf6 Nxf6+
45.Kd4 Rb2 46.Kc5 Kf7 47.Kc6 Ng4 48.Rg3 Ne5+ 49.Kd5 Nd7 50.Kd6 Rd2+ 51.Kc7 Rd4
52.Re3 g5 53.Ne4 Kg6 54.Nd6 Nc5 55.b6 Rd1 56.Nb5 Kf5 57.Kc6 Ne6 58.Nd6+ Kf6
59.Ne4+ Kf5 60.Nc3 Rd2 61.Nb5  1/2-1/2

[Event "POL-ch (Women)"]
[Site "POL"]
[Date "1991.??.??"]
[Round "6"]
[White "Slabek, Agnieszka"]
[Black "Pilarska, Czeslawa"]
[Result "0-1"]
[WhiteElo "2165"]
[BlackElo "2145"]

1.e4 c5 2.Nf3 e6 3.d4 cxd4 4.Nxd4 Nc6 5.Nb5 d6 6.c4 Nf6 7.N1c3 a6 8.Na3 b6
9.Be2 Bb7 10.f3 Be7 11.O-O O-O 12.Be3 Rc8 13.Rc1 Nb8 14.Qb3 Nbd7 15.Rfd1 Qc7
16.Bf1 Qb8 17.Rd2 Bd8 18.Qd1 Bc7 19.Bf4 Ne5 20.Kh1 h6 21.Qe2 Ng6 22.Be3 d5
23.cxd5 exd5 24.Nxd5 Bxd5 25.exd5 Bxh2 26.Rcd1 Nh5 27.Bf2 Rcd8 28.Qxa6 Ng3+
29.Kxh2 Nxf1+ 30.Kg1 Nxd2 31.Rxd2 Qf4 32.Rd1 Ne5 33.Bxb6 Rd6 34.Qa5 Nxf3+
35.gxf3 Qxf3 36.Rd2 Rg6+ 37.Kh2 Qh5+  0-1

[Event "UKR-chT"]
[Site "Simferopol"]
[Date "1991.??.??"]
[Round "?"]
[White "Ginsburg, Gennadij"]
[Black "Rotstein, Arkadij"]
[Result "1-0"]
[WhiteElo "2350"]
[BlackElo "2400"]

1.e4 c5 2.Nf3 e6 3.d4 cxd4 4.Nxd4 Nc6 5.Nb5 d6 6.c4 a6 7.N5c3 Nf6 8.Be2 Be7
9.O-O O-O 10.Be3 Qc7 11.Nd2 b6 12.Rc1 Ne5 13.f4 Ned7 14.g4 h6 15.h4 Bb7 16.g5 hxg5
17.hxg5 Nh7 18.Nf3 Rac8 19.Kg2 Nc5 20.Qc2 Qc6 21.Rh1 f5 22.exf5 Rxf5 23.Nd5 Qe8
24.Nd4 g6 25.Nxf5 gxf5 26.Bf3 Nf8 27.Rh6 exd5 28.Qxf5 Qd7 29.Rh8+ Kxh8 30.Qf7  1-0

[Event "SLO-ch"]
[Site "SLO"]
[Date "1991.??.??"]
[Round "?"]
[White "Mencinger, Vojko"]
[Black "Simic, Dragan"]
[Result "1-0"]
[WhiteElo "2365"]
[BlackElo "2255"]

1.e4 c5 2.Nf3 e6 3.d4 cxd4 4.Nxd4 Nc6 5.Nb5 d6 6.c4 Nf6 7.N1c3 a6 8.Na3 Be7
9.Be2 O-O 10.O-O b6 11.f4 Bb7 12.Be3 Re8 13.Bf2 Rb8 14.Bf3 Nb4 15.Qb3 a5
16.Rad1 Nd7 17.Rd2 e5 18.f5 Nc5 19.Qd1 Qd7 20.Nab5 Red8 21.Qe2 Nba6 22.Rfd1 Nc7
23.f6 Bxf6 24.Rxd6 Qe7 25.Rxb6 N7e6 26.Nd5 Bxd5 27.Rxb8 Rxb8 28.cxd5 Nf4
29.Qc4 Nd7 30.a4 h5 31.d6 Qd8 32.Qc7 Rc8 33.Qxd8+ Bxd8 34.Nc3 Nc5 35.Bxc5 Rxc5
36.g3 Ne6 37.Bxh5 Nd4 38.Bg4 g6 39.Rf1 Rc6 40.d7 Kf8 41.Kg2 Rd6 42.Rf2 Nc6
43.Nb5 Rd3 44.Be6 f6 45.h4 Nb8 46.Nc3 Rd6 47.Bh3 Nxd7 48.Bxd7 Rxd7 49.Nd5 Kg7
50.b4 axb4 51.Nxb4 Bb6 52.Rb2 Bd4 53.Ra2 f5 54.exf5 gxf5 55.Nc6 Kf6 56.a5 Bc5
57.a6 Rd1 58.a7 Rg1+ 59.Kh2  1-0

[Event "Belavenets mem op"]
[Site "Smolensk"]
[Date "1991.??.??"]
[Round "?"]
[White "Grechihin, Valery"]
[Black "Zhukhovitsky, Samuel"]
[Result "0-1"]
[WhiteElo "2230"]
[BlackElo "2390"]

1.e4 c5 2.Nf3 e6 3.d4 cxd4 4.Nxd4 Nc6 5.Nb5 d6 6.c4 Nf6 7.N1c3 a6 8.Na3 Be7
9.Be2 b6 10.f4 Bb7 11.Bf3 O-O 12.O-O Rc8 13.Be3 Re8 14.Rf2 Qc7 15.Rc1 Nb8
16.g4 Nfd7 17.g5 Bf8 18.h4 Nc6 19.Nab1 Qb8 20.Qf1 Na5 21.Nd2 d5 22.cxd5 exd5
23.e5 Nc4 24.Nxc4 dxc4 25.Nd5 b5 26.Qg2 Kh8 27.g6 fxg6 28.h5 Nc5 29.hxg6 Bxd5
30.Bxd5 Nd3 31.Qh2 h6 32.Rd1 Red8 33.Be4 Nxf2 34.Rxd8 Nxe4 35.Rd4 Nc5 36.f5 Nd3
37.Bxh6 gxh6 38.Rh4 Qxe5 39.Rxh6+ Kg8  0-1

[Event "St Ingbert op"]
[Site "St Ingbert"]
[Date "1991.??.??"]
[Round "7"]
[White "Bebchuk, Leonid"]
[Black "Gorjatschkin, Wjatscheslaw"]
[Result "0-1"]
[WhiteElo "2335"]
[BlackElo "2495"]

1.e4 c5 2.Nf3 e6 3.d4 cxd4 4.Nxd4 Nc6 5.Nb5 d6 6.c4 Nf6 7.N1c3 a6 8.Na3 Be7
9.Nc2 O-O 10.Be2 b6 11.O-O Bb7 12.Ne3 Qc7 13.Bd2 Nd4 14.f3 Rfe8 15.Rc1 Qb8
16.Bd3 Bc6 17.Nc2 Nxc2 18.Qxc2 Qb7 19.a4 Rac8 20.b4 Qb8 21.Qb3 Ba8 22.Rfe1 Nd7
23.Bf1 Bf6 24.Qa3 Ne5 25.Qa2 h6 26.a5 bxa5 27.bxa5 Bc6 28.Be3 Nd7 29.Na4 Bxa4
30.Qxa4 Nc5 31.Qa3 Bb2 32.Qa2 Bxc1 33.Rxc1 Qb3 34.Qd2 Red8 35.Rd1 Rb8 36.e5 Nb7
37.Bb6 dxe5 38.Bxd8 Rxd8 39.Qxd8+ Nxd8 40.Rxd8+ Kh7  0-1

[Event "St Martin op"]
[Site "St Martin"]
[Date "1991.??.??"]
[Round "7"]
[White "Wedberg, Tom"]
[Black "Gobet, Fernand"]
[Result "1/2-1/2"]
[WhiteElo "2465"]
[BlackElo "2390"]

1.e4 c5 2.Nf3 e6 3.d4 cxd4 4.Nxd4 Nc6 5.Nb5 d6 6.Bf4 e5 7.Be3 a6 8.N5c3 Nf6
9.Bc4 Be7 10.Nd5 Nxd5 11.Bxd5 O-O 12.Qd2 Be6 13.Nc3 Rc8 14.O-O Qc7 15.Rac1 Na5
16.Rfd1 Nc4 17.Bxc4 Qxc4 18.a3 Rc6 19.Nd5 Bxd5 20.Qxd5 Rfc8 21.c3 g6 22.f3 Qxd5
23.Rxd5 f6 24.Kf2 Kf7 25.g4 Ke6 26.Rcd1 f5 27.exf5+ gxf5 28.gxf5+ Kxf5 29.Rg1 Ke6
30.Rd2 Bf6 31.Ke2 Rc4 32.Kd3 b5 33.Rg3 Rh4 34.Rdg2 d5 35.Rg4 Rh3 36.R4g3 Rh4
37.Rg4 Rh3 38.R4g3  1/2-1/2

[Event "Star Dojran"]
[Site "Star Dojran"]
[Date "1991.??.??"]
[Round "7"]
[White "Nedev, Trajce"]
[Black "Rajkovic, Dusan"]
[Result "0-1"]
[WhiteElo "2215"]
[BlackElo "2495"]

1.e4 c5 2.Nf3 e6 3.d4 cxd4 4.Nxd4 Nc6 5.Nb5 d6 6.c4 Nf6 7.N5c3 b6 8.Be2 Bb7
9.a3 a6 10.f4 Qc7 11.b3 Be7 12.Bf3 O-O 13.Ra2 Nb8 14.O-O b5 15.cxb5 axb5
16.b4 Bc6 17.Re1 Rd8 18.Rd2 Nbd7 19.Nd5 Qa7+ 20.Kh1 Bf8 21.Nxf6+ Nxf6 22.Nc3 Qb7
23.a4 Ne8 24.axb5 Bxb5 25.f5 Bc4 26.fxe6 fxe6 27.Rd4 Qxb4 28.Bd2 Qc5 29.Be3 Qc6
30.e5 d5 31.Be4 g6 32.Bb1 Rdb8 33.Rh4 Rb7 34.Qg4 Ra1 35.Qh3 Bd3 36.Bd4 Bxb1
37.Qg3 Ra3  0-1

[Event "Struga"]
[Site "Struga"]
[Date "1991.??.??"]
[Round "6"]
[White "Stefanovski, Dusko"]
[Black "Sofrevski, Jovan"]
[Result "1/2-1/2"]
[WhiteElo "2300"]
[BlackElo "2415"]

1.e4 c5 2.Nf3 Nc6 3.d4 cxd4 4.Nxd4 e6 5.Nb5 d6 6.c4 Nf6 7.N1c3 a6 8.Na3 Be7
9.Be2 b6 10.Be3 Bb7 11.O-O O-O 12.Rc1 Ne5 13.f3 Ned7 14.g4 h6 15.Qd2 Re8
16.Rfd1 d5 17.cxd5 exd5 18.Nxd5 Nxd5 19.exd5 Nf6 20.d6 Qxd6 21.Qxd6 Bxd6
22.Rxd6 Rxe3 23.Kf2 Rae8 24.Rc2 b5 25.Rcd2 Nd5 26.Nc2 R3e5 27.Rd7 R8e7 28.Rxe7 Rxe7
29.Nd4 g6 30.Bf1  1/2-1/2

[Event "SWE-ch"]
[Site "SWE"]
[Date "1991.??.??"]
[Round "2"]
[White "Winsnes, Rikard"]
[Black "Lundin, Anders"]
[Result "1-0"]
[WhiteElo "2330"]
[BlackElo "2295"]

1.e4 c5 2.Nf3 e6 3.d4 cxd4 4.Nxd4 Nc6 5.Nb5 d6 6.Bf4 e5 7.Be3 Nf6 8.Bg5 Be6
9.Nd2 a6 10.Bxf6 gxf6 11.Nc3 Bh6 12.Nc4 Nd4 13.Bd3 Rc8 14.Ne3 Rg8 15.O-O Bxe3
16.fxe3 Bg4 17.Qc1 Nf3+ 18.gxf3 Bh3+ 19.Kf2 f5 20.Rg1 Qh4+ 21.Ke2 Bg2 22.Kd2 f4
23.Qe1 Qxh2 24.Qf2 fxe3+ 25.Kxe3 Kd7 26.Nd5 Ke6 27.Rh1  1-0

[Event "FIN-ch"]
[Site "Tampere"]
[Date "1991.??.??"]
[Round "9"]
[White "Nokso Koivisto, Antti"]
[Black "Haapasalo, Jukka Pekka"]
[Result "1-0"]
[WhiteElo "2370"]
[BlackElo "2240"]

1.e4 c5 2.Nf3 e6 3.d4 cxd4 4.Nxd4 Nc6 5.Nb5 d6 6.c4 Nf6 7.N1c3 a6 8.Na3 b6
9.Be2 Bb7 10.f4 Be7 11.O-O O-O 12.Bf3 Qc7 13.Be3 Nb8 14.Rc1 Nbd7 15.Qe2 Rfe8
16.Rfd1 Rac8 17.g4 h6 18.h4 Nh7 19.Qh2 Qd8 20.Bf2 g5 21.hxg5 hxg5 22.Kg2 gxf4
23.Rh1 Ndf8 24.Rcd1 Bf6 25.Qxf4 Be5 26.Qh6 Rb8 27.Rh5 Qf6 28.Qe3 Ng6 29.Bg3 Bf4
30.Qf2 Bxg3 31.Kxg3 Ng5 32.Qe3 Qe5+ 33.Kf2 f6 34.Rdh1 Re7 35.Rh6 Rg7 36.Nc2 Bc6
37.Ne1 Nf4 38.Rh8+ Kf7 39.Rxb8 Nfh3+  1-0

[Event "Val Thorens op"]
[Site "Val Thorens"]
[Date "1991.??.??"]
[Round "?"]
[White "Guadalpi, David"]
[Black "Kirov, Nino"]
[Result "1/2-1/2"]
[WhiteElo "2295"]
[BlackElo "2495"]

1.e4 c5 2.Nf3 e6 3.d4 cxd4 4.Nxd4 Nc6 5.Nb5 d6 6.c4 Nf6 7.N1c3 a6 8.Na3 b6
9.Be2 Bb7 10.Be3 Nb8 11.f3 Nbd7 12.O-O Be7 13.Kh1 O-O 14.Qd2 Qc7 15.Rac1 Rac8
16.Rfd1 Qb8 17.Bf1 Kh8 18.Qf2 Bd8 19.Rc2 Rg8 20.Rcd2 Bc7 21.Bf4 Ne5 22.Bg5 Ned7
23.Qh4 Ne8 24.Bd3 Ne5 25.f4 Ng6 26.Qh3 Bd8 27.Bxd8 Rxd8 28.e5 f5  1/2-1/2

[Event "Warsaw Legion op"]
[Site "Warsaw"]
[Date "1991.??.??"]
[Round "7"]
[White "Kveinys, Aloyzas"]
[Black "Nikolaev, Sergej"]
[Result "1-0"]
[WhiteElo "2435"]
[BlackElo "2450"]

1.e4 c5 2.Nf3 e6 3.d4 cxd4 4.Nxd4 Nc6 5.Nb5 d6 6.c4 Nf6 7.N1c3 a6 8.Na3 Be7
9.Be2 b6 10.Be3 Nb8 11.O-O Bb7 12.f3 Nbd7 13.Qd2 O-O 14.Rfd1 Rc8 15.Bf1 Re8
16.Qf2 Qc7 17.Rac1 Qb8 18.Kh1 Bd8 19.Bd4 Bc7 20.Qg1 Kh8 21.b4 Ba8 22.Rb1 d5
23.exd5 exd5 24.c5 b5 25.Nc2 Re6 26.g3 Ne5 27.Qf2 Rce8 28.Bh3 R6e7 29.Rd2 Bb7
30.Re1 Bc8 31.Bxc8 Qxc8 32.Bxe5 Bxe5 33.Nxd5 Nxd5 34.Rxd5 Bxg3 35.Qxg3 Rxe1+
36.Nxe1 Qe6 37.Rd6 Qe2 38.h4 h6 39.Ng2 Qxa2 40.Kh2 Re2 41.c6  1-0

[Event "Zalakaros op"]
[Site "Zalakaros"]
[Date "1991.??.??"]
[Round "2"]
[White "Velicka, Petr"]
[Black "Horvath, Gyula"]
[Result "1/2-1/2"]
[WhiteElo "2335"]
[BlackElo "2420"]

1.e4 c5 2.Nf3 e6 3.d4 cxd4 4.Nxd4 Nc6 5.Nb5 d6 6.c4 Nf6 7.N1c3 a6 8.Na3 b6
9.Be3 Nb8 10.e5 dxe5 11.Qxd8+ Kxd8 12.Bxb6+ Ke8 13.Nc2 Nc6 14.O-O-O Bb7 15.Be2 Nd7
16.Be3 f5 17.Na4 Be7 18.f3 Rb8 19.Rd2 Nb4 20.a3 Nxc2 21.Kxc2 f4 22.Ba7 Ra8
23.Rxd7 Rxa7 24.Rd2 e4 25.fxe4 Bxe4+ 26.Bd3 Bc6 27.Nc3 a5 28.Be4 Bxe4+ 29.Nxe4 Kf7
30.c5 a4 31.Rd4 Bxc5 32.Nxc5 Rc8 33.Rxf4+ Ke7 34.Rc4  1/2-1/2

[Event "Wuerttemberg-ch"]
[Site "Zell"]
[Date "1991.??.??"]
[Round "3"]
[White "Ott, Frank"]
[Black "Krockenberger, Martin"]
[Result "1/2-1/2"]
[WhiteElo "2270"]
[BlackElo "2315"]

1.e4 c5 2.Nf3 e6 3.d4 cxd4 4.Nxd4 Nc6 5.Nb5 d6 6.c4 Nf6 7.N1c3 a6 8.Na3 b6
9.Be2 Bb7 10.O-O Nb8 11.f3 Be7 12.Be3 O-O 13.Qd2 Nbd7 14.Rfd1 Rc8 15.Rac1 Qc7
16.Nc2 Qb8 17.Nd4 Rfe8 18.b3 Bd8 19.g4 h6 20.Bf1 Ne5 21.Bg2  1/2-1/2

[Event "Simferopol/Alushta"]
[Site "Alushta"]
[Date "1992.??.??"]
[Round "?"]
[White "Milov, Leonid"]
[Black "Frolov, Artur"]
[Result "1-0"]
[WhiteElo "2400"]
[BlackElo "2510"]

1.e4 c5 2.Nf3 e6 3.d4 cxd4 4.Nxd4 Nc6 5.Nb5 d6 6.c4 Nf6 7.N5c3 Be7 8.Be2 O-O
9.O-O b6 10.f4 Bb7 11.Bf3 Rc8 12.Be3 Re8 13.Kh1 Ba8 14.a3 Na5 15.b3 d5 16.cxd5 exd5
17.e5 Ne4 18.Nb5 a6 19.Nd4 Bc5 20.Ra2 Nc6 21.Nf5 Bxe3 22.Nxe3 Ne7 23.Bxe4 dxe4
24.Rd2 Qc7 25.Rc2 Qb7 26.Nc3 Red8 27.Qg4 Rd3 28.Nc4 Qc6 29.f5 h5 30.Qxh5 g6
31.Qg5 e3 32.e6 f6 33.Qxf6 Rf8 34.Qxe7 Rxc3 35.f6 Rxc2 36.Qg7+  1-0

[Event "Asuncion"]
[Site "Asuncion"]
[Date "1992.??.??"]
[Round "9"]
[White "Milos, Gilberto"]
[Black "Valiente, Cristobal"]
[Result "1-0"]
[WhiteElo "2515"]
[BlackElo "2345"]

1.e4 c5 2.Nf3 e6 3.d4 cxd4 4.Nxd4 Nc6 5.Nb5 d6 6.c4 Nf6 7.N1c3 a6 8.Na3 b6
9.Be2 Bb7 10.f4 Be7 11.O-O O-O 12.Bf3 Rc8 13.Be3 Na5 14.Qd3 Qc7 15.Rac1 Rfe8
16.Na4 Nd7 17.Qd2 Nc5 18.Nc3 Nc6 19.Rfd1 Rcd8 20.Nab1 Bf6 21.Qf2 Nb4 22.Qe2 Qb8
23.a3 Nc6 24.Rc2 a5 25.Nb5 e5 26.N1c3 Nd4 27.Nxd4 exd4 28.Bxd4 Bxd4+ 29.Rxd4 Ne6
30.Rd1 Nxf4 31.Qf2 Bc6 32.b4 axb4 33.axb4 b5 34.cxb5 Bxb5 35.Nxb5 Qxb5 36.Qd2 Ne6
37.Be2 Qb6+ 38.Kf1 h6 39.h4 Rb8 40.b5 Nc5 41.Qxd6 Qxd6 42.Rxd6 Nxe4 43.Rd4 Re6
44.Bd3 Nf6 45.Rdc4 Ree8 46.Rb2 Rbd8 47.Rb3 Nd5 48.Kf2 Nf6 49.Kf3 Nd7 50.Rcc3 Ne5+
51.Kg3 Nxd3 52.Rxd3 Rb8 53.Rd6 Re7 54.b6 Kf8 55.Kf4 Rc8 56.h5 Rc4+ 57.Kf3 Rc8
58.Rd5 Rb8 59.Rc5 Rd7 60.Ke4 Ke8 61.Rd5 Rdb7 62.Rd6 Rc8 63.Kd5 Rc2 64.g4 Rc1
65.Re3+ Re7 66.Rxe7+ Kxe7 67.Rc6 Rb1 68.Rc7+ Kf6 69.b7 Kg5 70.Rxf7 Kxg4 71.Rxg7+ Kxh5
72.Kc6 Kh4 73.Rg8 h5 74.b8=Q Rxb8 75.Rxb8 Kg4 76.Rg8+ Kh3 77.Kd5 h4 78.Ke4 Kh2
79.Kf3 h3 80.Rg3  1-0

[Event "Athens schev (Women)"]
[Site "Athens"]
[Date "1992.??.??"]
[Round "3"]
[White "Kondou, Eva"]
[Black "Maric, Alisa"]
[Result "0-1"]
[WhiteElo "2245"]
[BlackElo "2400"]

1.e4 c5 2.Nf3 e6 3.d4 cxd4 4.Nxd4 Nc6 5.Nb5 d6 6.c4 Nf6 7.N1c3 a6 8.Na3 Be7
9.Be2 O-O 10.O-O b6 11.f4 Bb7 12.Bf3 e5 13.Nc2 b5 14.cxb5 axb5 15.Kh1 exf4
16.Bxf4 Ne5 17.Nd5 Nxd5 18.exd5 Bf6 19.Ne3 Ng6 20.Be4 Bxb2 21.Rb1 Bf6 22.Nf5 Nxf4
23.Rxf4 g6 24.Nh6+ Kg7 25.Qf3 Rxa2 26.Rf1 Ra1 27.Bb1 Kxh6 28.Rxf6 Qe7 29.Qf4+ Kg7
30.Rxd6 Ra4 31.Qg3 Re8 32.Qc3+ Qe5 33.Qc5 Rf4 34.Rg1 Rc8 35.Qb6 Rh4 36.h3 Bxd5  0-1

[Event "Athens schev (Women)"]
[Site "Athens"]
[Date "1992.??.??"]
[Round "11"]
[White "Kondou, Eva"]
[Black "Maric, Alisa"]
[Result "0-1"]
[WhiteElo "2245"]
[BlackElo "2400"]

1.e4 c5 2.Nf3 e6 3.d4 cxd4 4.Nxd4 Nc6 5.Nb5 d6 6.c4 Nf6 7.N5c3 Be7 8.Be2 O-O
9.O-O b6 10.f4 Bb7 11.Bf3 Rc8 12.Be3 Qc7 13.Nd2 Nd7 14.a3 Qb8 15.b4 Bf6 16.Ndb1 a5
17.Ra2 axb4 18.Nb5 Be7 19.Rd2 Na5 20.Be2 Nxc4 21.Bxc4 Rxc4 22.Nxd6 Bxd6 23.Rxd6 Rxe4
24.Rf3 Nf6 25.Rg3 Rxe3 26.Rxe3 Nd5 27.Rxd5 Bxd5 28.Qd4 bxa3 29.Nxa3 b5 30.Rg3 f6
31.Nc2 Qb7 32.h4 Be4 33.Ne3 Bg6 34.Qd6 Re8 35.Ng4 Qb8 36.Qd4 Rd8 37.Qe3 Kh8
38.Qxe6 Qxf4 39.Kh2 h5 40.Qb6 Rd3 41.Ne3 Qxh4+ 42.Kg1 Rb3 43.Rf3 Rb1+ 44.Nf1 Qc4
45.Qd8+ Kh7 46.Qd7 Be4 47.Rxf6 Qe2  0-1

[Event "Balatonbereny op"]
[Site "Balatonbereny"]
[Date "1992.??.??"]
[Round "7"]
[White "Szalanczy, Emil"]
[Black "Poluljahov, Aleksandr"]
[Result "0-1"]
[WhiteElo "2370"]
[BlackElo "2460"]

1.e4 c5 2.Nf3 e6 3.d4 cxd4 4.Nxd4 Nc6 5.Nb5 d6 6.Bf4 e5 7.Be3 a6 8.N5a3 b5
9.c4 b4 10.Nc2 Nf6 11.Bd3 Be7 12.O-O O-O 13.a3 bxa3 14.b4 d5 15.cxd5 Nxb4
16.Nxb4 Bxb4 17.Nxa3 Ng4 18.Nc4 Qh4 19.h3 Nxe3 20.Nxe3 Bc5 21.Qf3 g6 22.Rac1 Qe7
23.Rc2 Bd7 24.Rb1 Ra7 25.Nc4 Rc7 26.Ra2 Bb5 27.Na5 f5 28.Bxb5 axb5 29.Nc6 Qh4
30.g3 Qxh3 31.Rxb5 fxe4 32.Qg2 Qxg2+ 33.Kxg2 Bd4 34.Rb4 Rd7 35.Re2 Kg7 36.Nxd4 exd4
37.Rxd4 Rf5 38.Red2 Kf7 39.d6 Kf6 40.g4 Re5 41.Kg3 e3 42.fxe3 Rxe3+ 43.Kf4 Re5
44.g5+ Ke6  0-1

[Event "Balatonbereny op"]
[Site "Balatonbereny"]
[Date "1992.??.??"]
[Round "8"]
[White "Videki, Sandor"]
[Black "Tregubov, Pavel V"]
[Result "1-0"]
[WhiteElo "2375"]
[BlackElo "2440"]

1.e4 c5 2.Nf3 e6 3.d4 cxd4 4.Nxd4 Nc6 5.Nb5 d6 6.c4 Nf6 7.N1c3 a6 8.Na3 Be7
9.Be2 b6 10.O-O Bb7 11.Be3 O-O 12.Qb3 Nd7 13.Rad1 Nc5 14.Qc2 Bf6 15.Nab1 Re8
16.a3 e5 17.Nd5 Nd4 18.Bxd4 exd4 19.Bd3 b5 20.cxb5 axb5 21.b4 Nxd3 22.Qxd3 Bxd5
23.exd5 Qb6 24.Nd2 Rec8 25.Ne4 Be7 26.Rc1 g6 27.g4 Rxc1 28.Rxc1 Qa7 29.Kg2 Qd7
30.Qf3 f5 31.gxf5 Qxf5 32.Qxf5 gxf5 33.Ng3 d3 34.Nxf5 Bg5 35.Rd1 Rxa3 36.Kf3 Kf8
37.Nxd6 Rb3 38.Nxb5 Rxb4 39.Nc7 Ke7 40.Rxd3 Kd6 41.Rc3 Rb6 42.Ke4 Bd8 43.Ne6 Rb4+
44.Kf5 Bb6 45.Nf4 Bxf2 46.Rc6+ Kd7 47.Nd3 Rb3 48.Ne5+ Kd8 49.Rh6 Rb7 50.d6 Rg7
51.Rf6 Rg8 52.Rf7 Bc5 53.Rd7+ Ke8 54.Re7+  1-0

[Event "Balatonbereny op"]
[Site "Balatonbereny"]
[Date "1992.??.??"]
[Round "9"]
[White "Videki, Sandor"]
[Black "Milov, Leonid"]
[Result "0-1"]
[WhiteElo "2375"]
[BlackElo "2400"]

1.e4 c5 2.Nf3 e6 3.d4 cxd4 4.Nxd4 Nc6 5.Nb5 d6 6.c4 Nf6 7.N1c3 a6 8.Na3 b6
9.Be2 Bb7 10.O-O Ne5 11.f3 Rc8 12.Be3 Be7 13.Qd2 O-O 14.Rfd1 Rc6 15.Rac1 Qb8
16.b4 Ba8 17.Na4 Ned7 18.Nc2 Re8 19.Bf1 d5 20.exd5 exd5 21.cxd5 Rd6 22.Bf4 Nxd5
23.Bg3 b5 24.Nc5 Qa7 25.Bxd6 Bxd6 26.Re1 Rd8 27.Rcd1 Nxc5 28.bxc5 Bxc5+ 29.Kh1 h6
30.Bd3 Qb8 31.Be4 Bb6 32.Qc1 Ba5 33.Rf1 Bc7 34.Ne3 Bf4 35.Bxd5 Bxd5 36.a3 Be6
37.g3 Bg5 38.Qc3 Rxd1 39.Rxd1 Qb7 40.Kg2 Bf6 41.Qd3 Be7 42.Nf5 Bf8 43.Nd6 Qc6
44.Rd2 Qc5 45.Rd1 Be7 46.Rd2 Qc6 47.Nf5 Bg5 48.Nd4 Qc8 49.Rc2 Qd7 50.Qe4 Bh3+
51.Kf2 Bf6 52.Ke3 h5 53.Rd2 g6 54.Nc6 Qc7 55.Kf2 Kg7 56.Qd5 Qb6+ 57.Nd4 Qa5
58.Nc2 Qc3 59.Qd3 Qc5+ 60.Qe3 Qc4 61.Qd3 Qxd3 62.Rxd3 Bf5 63.Rd2 Bc3 64.Re2 a5
65.Kg2 b4 66.axb4 axb4 67.Nxb4 Bxb4 68.h4 Be6 69.Rb2 Bd6 70.Rb6 Be7 71.Rb5 Kf6
72.Ra5 Bd6 73.Rb5 Bd7 74.Ra5 Ke7 75.Rd5 Bc6 76.Ra5 Ke6 77.Ra7 Bd5 78.Ra1 f6
79.Rc1  0-1